Normal view
MARC view
Entry Topical Term
001 - CONTROL NUMBER
- control field: 55030
003 - CONTROL NUMBER IDENTIFIER
- control field: OSt
005 - DATE AND TIME OF LATEST TRANSACTION
- control field: 20241011110501.0
008 - FIXED-LENGTH DATA ELEMENTS
- fixed length control field: 241011|| aca||aabn | a|a d
040 ## - CATALOGING SOURCE
- Original cataloging agency: OSt
- Transcribing agency: OSt
150 ## - HEADING--TOPICAL TERM
- Topical term or geographic name entry element: ရှင်ပင်ရွှေဆပ်သွားဘုရား
- Form subdivision: သမိုင်း
670 ## - SOURCE DATA FOUND
- Source citation: Work cat.: (OSt)16695: မိုး (ကျောက်ဆည်) 12398, သမိုင်းဝင် ရှင်ပင်ရွှေဆပ်သွားဘုရားကြီး /, ၂၀၁၁။